| 000 | 00786nam a22002295a 4500 | ||
|---|---|---|---|
| 003 | OSt | ||
| 005 | 20170116130555.0 | ||
| 008 | 161030s2017 ua fr 000 0 ara d | ||
| 040 |
_aEG-ScBUE _bara _cEG-ScBUE |
||
| 043 | _af-ua--- | ||
| 082 | 0 | 4 |
_a342.62 _bش ا ع _222 |
| 100 | 1 | _aشاعر، رمزي طه. | |
| 245 | 1 | 4 |
_aالوجيز في القانون الدستوري / _cرمزي طه الشاعر. |
| 260 |
_aالقاهرة : _bدار النهضة العربية، _c2017. |
||
| 300 |
_aمج. 1. (248 ص.) ؛ _c24 سم. |
||
| 505 | 2 | _aمج. 1. النظرية العامة للقانون الدستوري. | |
| 651 | _2BUEsh | ||
| 653 |
_bLLAAWW _cOctober2016 |
||
| 655 |
_vText book _933728 |
||
| 650 | 0 |
_941131 _aالقانون الدستوري _zمصر _2BUEsh |
|
| 942 | _2ddc | ||
| 999 |
_c22916 _d22888 |
||